=LDR 00000nam 2200000 4500 =001 NUTBA000000000005857 =005 20141112085059.0 =006 =007 =008 =020 ##$$a 979-9925-13-4 =035 ##$$a 0010-111400000000336 =040 ##$$a NBPDMAT =090 ##$$a 500 $b Ani s =100 ##$$a Anisah =245 ##$$a Sel/ $c Anisah =260 ##$$a Surabaya : $b SIC, $c 2007 =300 ##$$a iv,28 hlm. ; $b ilus. ; $c 29 cm. =440 ##$$a Seri Referensi IPA =500 ##$$a Bibilografi : hlm. 28 =650 ##$$a Sains Sel =850 ##$$a NBPDMAT